UBT Library

Oracle Database 10g PL/SQL programming (Record no. 691)

000 -LEADER
fixed length control field 00814nam a22002777a 4500
005 - DATE AND TIME OF LATEST TRANSACTION
control field 20150414085758.0
006 - FIXED-LENGTH DATA ELEMENTS--ADDITIONAL MATERIAL CHARACTERISTICS--GENERAL INFORMATION
fixed length control field
008 - FIXED-LENGTH DATA ELEMENTS--GENERAL INFORMATION
fixed length control field 080807s2004 caua s 001 0 eng d
020 ## - INTERNATIONAL STANDARD BOOK NUMBER
Cancelled/invalid ISBN 9780072230666
041 0# - LANGUAGE CODE
Language code of text/sound track or separate title eng
080 ## - UNIVERSAL DECIMAL CLASSIFICATION NUMBER
Universal Decimal Classification number 004
100 1# - Rafti
Rafti Urman, Scott.
245 10 - TITLE STATEMENT
Title Oracle Database 10g PL/SQL programming
Statement of responsibility, etc Scott Urman, Ron Hardman, Michael McLaughlin.
246 3# - VARYING FORM OF TITLE
Title proper/short title PL/SQL programming
256 ## - COMPUTER FILE CHARACTERISTICS
Computer file characteristics Computer document.
260 ## -
-- Emeryville, Calif. :
-- McGraw-Hill/Osborne,
-- 2004
300 ## -
-- 862 f.:
-- me il.;
-- 23 cm
505 ## -
-- Index: f. 839 - 862
630 00 -
-- Oracle (Computer file)
650 #0 -
-- Kompjuterat
650 #0 -
-- Gjuha programuese
655 #7 -
-- Electronic books.
700 1# -
-- Hardman, Ron.
700 1# -
-- McLaughlin, Michael.
942 ## - ADDED ENTRY ELEMENTS (KOHA)
Source of classification or shelving scheme
Item type Books
Holdings
Withdrawn status Lost status Source of classification or shelving scheme Damaged status Not for loan Collection code Permanent location Current location Shelving location Date acquired Total Checkouts Full call number Barcode Date last seen Price effective from Koha item type
                  04/30/2015       04/30/2015 04/30/2015 Books
          Koleksioni i përgjithshem UBT - Lipjan UBT - Lipjan Koleksioni i përgjithshem 04/30/2015   004 URM 002-006465 04/30/2015 04/30/2015 Books
          Koleksioni i përgjithshem UBT - Lipjan UBT - Lipjan Koleksioni i përgjithshem 04/30/2015   004 URM 002-006466 04/30/2015 04/30/2015 Books
          Koleksioni i përgjithshem UBT - Lipjan UBT - Lipjan Koleksioni i përgjithshem 04/30/2015   004 URM 002-006467 04/30/2015 04/30/2015 Books
          Koleksioni i përgjithshem UBT - Lipjan UBT - Lipjan Koleksioni i përgjithshem 04/30/2015   004 URM 002-006468 04/30/2015 04/30/2015 Books
          Koleksioni i përgjithshem UBT - Lipjan UBT - Lipjan Koleksioni i përgjithshem 04/30/2015   004 URM 002-006469 04/30/2015 04/30/2015 Books
          Koleksioni i përgjithshem UBT - Lipjan UBT - Lipjan Koleksioni i përgjithshem 04/30/2015   004 URM 002-006470 04/30/2015 04/30/2015 Books
          Koleksioni i përgjithshem UBT - Lipjan UBT - Lipjan Koleksioni i përgjithshem 04/30/2015   004 URM 002-006471 04/30/2015 04/30/2015 Books
          Koleksioni i përgjithshem UBT - Lipjan UBT - Lipjan Koleksioni i përgjithshem 04/30/2015   004 URM 002-006472 04/30/2015 04/30/2015 Books
          Koleksioni i përgjithshem UBT - Lipjan UBT - Lipjan Koleksioni i përgjithshem 04/30/2015   004 URM 002-006473 04/30/2015 04/30/2015 Books
          Koleksioni i përgjithshem UBT - Lipjan UBT - Lipjan Koleksioni i përgjithshem 04/30/2015   004 URM 002-006474 04/30/2015 04/30/2015 Books
          Koleksioni i përgjithshem UBT - Lipjan UBT - Lipjan Koleksioni i përgjithshem 04/30/2015   004 URM 002-006475 04/30/2015 04/30/2015 Books
          Koleksioni i përgjithshem UBT - Lipjan UBT - Lipjan Koleksioni i përgjithshem 04/30/2015   004 URM 002-006476 04/30/2015 04/30/2015 Books
          Koleksioni i përgjithshem UBT - Lipjan UBT - Lipjan Koleksioni i përgjithshem 04/30/2015   004 URM 002-006477 04/30/2015 04/30/2015 Books
          Koleksioni i përgjithshem UBT - Lipjan UBT - Lipjan Koleksioni i përgjithshem 04/30/2015   004 URM 002-006478 04/30/2015 04/30/2015 Books
          Koleksioni i përgjithshem UBT - Lipjan UBT - Lipjan Koleksioni i përgjithshem 04/30/2015   004 URM 002-006479 04/30/2015 04/30/2015 Books
UBT Library © 2015-2024. All rights reserved University Education for Business and Technology